[Event "Memorial Sergievskogo"]
[Site "Cheboksary"]
[Date "2016.04.11"]
[Round "4.3"]
[White "Demidov, Mikhail"]
[Black "Morozevich, Alexander"]
[Result "1/2-1/2"]
[LiveChessVersion "1.4.4"]
[BlackElo "2669"]
[WhiteElo "2568"]

1. d4 {[%clk 0:15:18]} e6 {[%clk 0:15:13]} 2. Nf3 {[%clk 0:15:18]} c5
{[%clk 0:15:15]} 3. e3 {[%clk 0:15:23]} Nf6 {[%clk 0:15:23]} 4. c4
{[%clk 0:15:31]} cxd4 {[%clk 0:15:16]} 5. exd4 {[%clk 0:15:39]} d5
{[%clk 0:15:25]} 6. Nc3 {[%clk 0:15:44]} Bb4 {[%clk 0:15:22]} 7. cxd5
{[%clk 0:15:51]} Nxd5 {[%clk 0:15:13]} 8. Bd2 {[%clk 0:15:57]} Nc6
{[%clk 0:15:21]} 9. Bd3 {[%clk 0:15:59]} Nf6 {[%clk 0:14:03]} 10. Bg5
{[%clk 0:15:18]} h6 {[%clk 0:14:05]} 11. Bh4 {[%clk 0:14:28]} Be7
{[%clk 0:13:23]} 12. O-O {[%clk 0:14:02]} O-O {[%clk 0:13:29]} 13. a3
{[%clk 0:14:03]} Nh5 {[%clk 0:12:40]} 14. Bxe7 {[%clk 0:12:36]} Nxe7
{[%clk 0:12:48]} 15. Ne5 {[%clk 0:10:18]} Nf6 {[%clk 0:12:32]} 16. Bc2
{[%clk 0:09:58]} b6 {[%clk 0:10:01]} 17. Qf3 {[%clk 0:07:32]} Ba6
{[%clk 0:09:37]} 18. Rfe1 {[%clk 0:05:34]} Qxd4 {[%clk 0:06:20]} 19. Rad1
{[%clk 0:02:13]} Qc5 {[%clk 0:06:27]} 20. Nd7 {[%clk 0:02:20]} Nxd7
{[%clk 0:06:23]} 21. Rxd7 {[%clk 0:02:29]} Nd5 {[%clk 0:03:50]} 22. Nxd5
{[%clk 0:00:32]} Qxc2 {[%clk 0:03:57]} 23. Nc7 {[%clk 0:00:34]} Bc8
{[%clk 0:03:20]} 24. Re7 {[%clk 0:00:21]} Rb8 {[%clk 0:02:37]} 25. Qg3
{[%clk 0:00:30]} Qxb2 {[%clk 0:02:11]} 26. h3 {[%clk 0:00:35]} Bb7
{[%clk 0:02:07]} 27. Re5 {[%clk 0:00:36]} Bd5 {[%clk 0:00:56]} 28. Nxd5
{[%clk 0:00:30]} exd5 {[%clk 0:01:05]} 29. Rxd5 {[%clk 0:00:29]} a5
{[%clk 0:01:07]} 30. Rdd7 {[%clk 0:00:26]} Rbc8 {[%clk 0:01:07]} 31. Kh2
{[%clk 0:00:27]} Rc6 {[%clk 0:01:03]} 32. Qe3 {[%clk 0:00:19]} Qc3
{[%clk 0:00:36]} 33. Rd3 {[%clk 0:00:17]} Qc5 {[%clk 0:00:37]} 34. Qxc5
{[%clk 0:00:19]} bxc5 {[%clk 0:00:45]} 35. Rc3 {[%clk 0:00:23]} c4
{[%clk 0:00:38]} 36. Re5 {[%clk 0:00:26]} Ra8 {[%clk 0:00:28]} 37. Kg3
{[%clk 0:00:17]} f6 {[%clk 0:00:28]} 38. Rb5 {[%clk 0:00:23]} Ra7
{[%clk 0:00:29]} 39. Kf3 {[%clk 0:00:29]} Kf7 {[%clk 0:00:38]} 40. h4
{[%clk 0:00:19]} Ke6 {[%clk 0:00:34]} 41. Ke4 {[%clk 0:00:28]} Rd7
{[%clk 0:00:15]} 42. Rxa5 {[%clk 0:00:33]} Rd2 {[%clk 0:00:24]} 43. Ke3
{[%clk 0:00:26]} Ra2 {[%clk 0:00:21]} 44. h5 {[%clk 0:00:20]} f5 {[%clk 0:00:25]}
45. g3 {[%clk 0:00:27]} Kf6 {[%clk 0:00:34]} 46. f3 {[%clk 0:00:30]} Rh2
{[%clk 0:00:24]} 47. g4 {[%clk 0:00:26]} fxg4 {[%clk 0:00:30]} 48. fxg4
{[%clk 0:00:31]} Rh3+ {[%clk 0:00:37]} 49. Kd2 {[%clk 0:00:34]} Rd6+
{[%clk 0:00:43]} 50. Kc2 {[%clk 0:00:43]} Rh2+ {[%clk 0:00:51]} 51. Kb1
{[%clk 0:00:51]} Rd4 {[%clk 0:00:49]} 52. Ra6+ {[%clk 0:00:52]} Ke5
{[%clk 0:00:52]} 53. Rg6 {[%clk 0:01:00]} Rd1+ {[%clk 0:00:25]} 54. Rc1
{[%clk 0:01:09]} Rxc1+ {[%clk 0:00:24]} 55. Kxc1 {[%clk 0:01:18]} Kd4
{[%clk 0:00:33]} 56. Rxg7 {[%clk 0:00:54]} Kc3 {[%clk 0:00:43]} 57. Kb1
{[%clk 0:01:03]} Rh1+ {[%clk 0:00:37]} 58. Ka2 {[%clk 0:01:12]} Rh2+
{[%clk 0:00:46]} 59. Kb1 {[%clk 0:01:21]} Kb3 {[%clk 0:00:33]} 60. Rb7+
{[%clk 0:01:29]} Kxa3 {[%clk 0:00:41]} 61. Rb6 {[%clk 0:01:14]} Rg2
{[%clk 0:00:25]} 62. Rxh6 {[%clk 0:00:46]} Rxg4 {[%clk 0:00:27]} 63. Rb6
{[%clk 0:00:24]} Rg2 {[%clk 0:00:29]} 64. h6 {[%clk 0:00:21]} Rh2
{[%clk 0:00:37]} 65. Kc1 {[%clk 0:00:28]} Ka4 {[%clk 0:00:46]} 66. Kb1
{[%clk 0:00:30]} Ka5 {[%clk 0:00:54]} 67. Rb8 {[%clk 0:00:27]} Rxh6
{[%clk 0:00:56]} 68. Kc2 {[%clk 0:00:36]} Rb6 {[%clk 0:01:05]} 69. Rxb6
{[%clk 0:00:38]} Kxb6 {[%clk 0:01:14]} 70. Kc3 {[%clk 0:00:46]} Kc5
{[%clk 0:01:23]} 71. Kc2 {[%clk 0:00:55]} Kb4 {[%clk 0:01:32]} 72. Kb2
{[%clk 0:01:04]} c3+ {[%clk 0:01:41]} 73. Kc2 {[%clk 0:01:13]} Kc4
{[%clk 0:01:51]} 74. Kc1 {[%clk 0:01:21]} Kb3 {[%clk 0:02:00]} 75. Kb1
{[%clk 0:01:30]} c2+ {[%clk 0:02:09]} 76. Kc1 {[%clk 0:01:39]} Kc3
{[%clk 0:02:18]} 1/2-1/2

[Event "Memorial Sergievskogo"]
[Site "Cheboksary"]
[Date "2016.04.11"]
[Round "4.4"]
[White "Nozdrachev, Vladislav"]
[Black "Motylev, Alexander"]
[Result "0-1"]
[LiveChessVersion "1.4.4"]
[BlackElo "2662"]
[WhiteElo "2542"]

1. e4 {[%clk 0:15:19]} c5 {[%clk 0:15:11]} 2. Nf3 {[%clk 0:15:27]} Nc6
{[%clk 0:15:20]} 3. Bb5 {[%clk 0:15:34]} g6 {[%clk 0:15:27]} 4. O-O
{[%clk 0:15:37]} Bg7 {[%clk 0:15:36]} 5. Re1 {[%clk 0:15:38]} Nf6
{[%clk 0:15:44]} 6. c3 {[%clk 0:15:39]} O-O {[%clk 0:15:43]} 7. d4
{[%clk 0:15:41]} d5 {[%clk 0:15:51]} 8. exd5 {[%clk 0:14:48]} Qxd5
{[%clk 0:15:57]} 9. c4 {[%clk 0:14:37]} Qd6 {[%clk 0:15:45]} 10. d5
{[%clk 0:14:27]} Na5 {[%clk 0:15:50]} 11. Bd2 {[%clk 0:12:25]} a6
{[%clk 0:15:48]} 12. Bxa5 {[%clk 0:12:13]} axb5 {[%clk 0:15:56]} 13. Bc3
{[%clk 0:12:21]} bxc4 {[%clk 0:15:56]} 14. Na3 {[%clk 0:12:29]} Qxd5
{[%clk 0:15:15]} 15. Rxe7 {[%clk 0:12:35]} Be6 {[%clk 0:15:03]} 16. Qe2
{[%clk 0:12:38]} Qd6 {[%clk 0:09:43]} 17. Rxb7 {[%clk 0:12:11]} Rfe8
{[%clk 0:09:36]} 18. Be5 {[%clk 0:07:00]} Bd5 {[%clk 0:05:48]} 19. Qc2
{[%clk 0:04:22]} Rxe5 {[%clk 0:05:23]} 20. Nxc4 {[%clk 0:04:31]} Qa6
{[%clk 0:04:56]} 21. Rb6 {[%clk 0:04:31]} Qxc4 {[%clk 0:04:03]} 22. Qxc4
{[%clk 0:04:40]} Bxc4 {[%clk 0:04:11]} 23. Nxe5 {[%clk 0:04:49]} Be6
{[%clk 0:04:15]} 24. Rb5 {[%clk 0:04:06]} Ne4 {[%clk 0:03:47]} 25. Nf3
{[%clk 0:03:03]} Bxa2 {[%clk 0:02:15]} 26. h4 {[%clk 0:03:01]} h6
{[%clk 0:02:19]} 27. Rb7 {[%clk 0:02:55]} Bf6 {[%clk 0:02:18]} 28. g3
{[%clk 0:02:42]} Kg7 {[%clk 0:02:26]} 29. Ne1 {[%clk 0:02:21]} Bd4
{[%clk 0:02:03]} 30. Nd3 {[%clk 0:02:31]} Bd5 {[%clk 0:01:45]} 31. Rxa8
{[%clk 0:02:37]} Bxb7 {[%clk 0:01:54]} 32. Ra7 {[%clk 0:02:36]} Bc6
{[%clk 0:01:38]} 33. Ra5 {[%clk 0:01:42]} Nxg3 {[%clk 0:01:04]} 34. Nxc5
{[%clk 0:01:45]} Nf5 {[%clk 0:01:09]} 35. h5 {[%clk 0:01:42]} Bxb2
{[%clk 0:01:04]} 36. hxg6 {[%clk 0:01:50]} fxg6 {[%clk 0:01:11]} 37. Ra7+
{[%clk 0:01:28]} Kf6 {[%clk 0:01:10]} 38. Ra6 {[%clk 0:01:37]} Ne7
{[%clk 0:01:18]} 39. Nd3 {[%clk 0:01:32]} Bc3 {[%clk 0:01:27]} 40. Nf4
{[%clk 0:01:35]} Kf7 {[%clk 0:01:02]} 41. Ra7 {[%clk 0:01:34]} Bf6
{[%clk 0:01:06]} 42. Ra6 {[%clk 0:01:31]} h5 {[%clk 0:01:04]} 43. Ra5
{[%clk 0:01:35]} Be4 {[%clk 0:00:55]} 44. Nxh5 {[%clk 0:01:36]} gxh5
{[%clk 0:00:54]} 45. Rxh5 {[%clk 0:01:44]} Nf5 {[%clk 0:00:58]} 46. Rh3
{[%clk 0:01:45]} Nd4 {[%clk 0:01:02]} 47. Ra3 {[%clk 0:01:51]} Kg6
{[%clk 0:01:09]} 48. Kf1 {[%clk 0:01:52]} Kf5 {[%clk 0:01:18]} 49. Kg1
{[%clk 0:01:55]} Bc6 {[%clk 0:01:19]} 50. Kf1 {[%clk 0:01:49]} Kf4
{[%clk 0:01:27]} 51. Kg1 {[%clk 0:01:54]} Nf3+ {[%clk 0:00:51]} 52. Kf1
{[%clk 0:02:03]} Kg4 {[%clk 0:00:58]} 53. Kg2 {[%clk 0:02:02]} Ng5+
{[%clk 0:00:42]} 54. Kf1 {[%clk 0:02:07]} Bf3 {[%clk 0:00:50]} 55. Ra4+
{[%clk 0:01:51]} Ne4 {[%clk 0:00:58]} 56. Rb4 {[%clk 0:01:43]} Kf4
{[%clk 0:01:07]} 57. Rb8 {[%clk 0:01:47]} Bd4 {[%clk 0:01:03]} 58. Rf8+
{[%clk 0:01:53]} Nf6 {[%clk 0:01:06]} 59. Kg1 {[%clk 0:01:57]} Ke4
{[%clk 0:01:14]} 60. Kf1 {[%clk 0:02:06]} Kd3 {[%clk 0:01:20]} 61. Rd8
{[%clk 0:02:00]} Ne4 {[%clk 0:01:21]} 62. Rf8 {[%clk 0:01:45]} Nd2+
{[%clk 0:01:21]} 63. Ke1 {[%clk 0:01:39]} Be2 0-1

[Event "Memorial Sergievskogo"]
[Site "Cheboksary"]
[Date "2016.04.11"]
[Round "4.5"]
[White "Timofeev, Artyom"]
[Black "Volkov, Sergey"]
[Result "0-1"]
[LiveChessVersion "1.4.4"]
[BlackElo "2597"]
[WhiteElo "2535"]

1. c4 {[%clk 0:15:17]} e5 {[%clk 0:15:18]} 2. Nc3 {[%clk 0:15:25]} Bb4
{[%clk 0:15:23]} 3. Nd5 {[%clk 0:15:32]} Bc5 {[%clk 0:15:31]} 4. Nf3
{[%clk 0:15:36]} c6 {[%clk 0:15:36]} 5. Nc3 {[%clk 0:15:27]} Qe7 {[%clk 0:15:42]}
6. d3 {[%clk 0:14:17]} Nf6 {[%clk 0:15:20]} 7. Bg5 {[%clk 0:14:11]} d6
{[%clk 0:15:04]} 8. e3 {[%clk 0:13:57]} Nbd7 {[%clk 0:14:57]} 9. Be2
{[%clk 0:14:01]} h6 {[%clk 0:15:00]} 10. Bh4 {[%clk 0:14:08]} a5 {[%clk 0:12:54]}
11. O-O {[%clk 0:13:43]} g5 {[%clk 0:12:48]} 12. Bg3 {[%clk 0:13:51]} Nh5
{[%clk 0:12:17]} 13. d4 {[%clk 0:12:58]} Ba7 {[%clk 0:11:52]} 14. Bd3
{[%clk 0:11:32]} Nxg3 {[%clk 0:11:34]} 15. hxg3 {[%clk 0:11:40]} h5
{[%clk 0:10:58]} 16. Bf5 {[%clk 0:10:18]} h4 {[%clk 0:10:18]} 17. g4
{[%clk 0:09:31]} Nf6 {[%clk 0:09:34]} 18. dxe5 {[%clk 0:09:21]} dxe5
{[%clk 0:08:12]} 19. Bxc8 {[%clk 0:07:14]} Rxc8 {[%clk 0:08:17]} 20. Nxg5
{[%clk 0:07:22]} e4 {[%clk 0:07:13]} 21. Qc2 {[%clk 0:07:27]} Rg8
{[%clk 0:06:41]} 22. Ngxe4 {[%clk 0:05:58]} Nxg4 {[%clk 0:06:36]} 23. c5
{[%clk 0:05:22]} Kf8 {[%clk 0:04:26]} 24. Ne2 {[%clk 0:05:22]} Rd8
{[%clk 0:03:02]} 25. Nf4 {[%clk 0:04:49]} Bb8 {[%clk 0:03:05]} 26. Rad1
{[%clk 0:04:43]} h3 {[%clk 0:02:14]} 27. Rxd8+ {[%clk 0:03:38]} Qxd8
{[%clk 0:02:23]} 28. Nxh3 {[%clk 0:03:43]} Qh4 {[%clk 0:02:11]} 29. Rd1
{[%clk 0:03:09]} Bc7 {[%clk 0:01:38]} 30. Rd7 {[%clk 0:01:13]} Nxe3
{[%clk 0:01:18]} 31. fxe3 {[%clk 0:01:14]} Qe1# {[%clk 0:01:25]} 0-1

[Event "Memorial Sergievskogo"]
[Site "Cheboksary"]
[Date "2016.04.11"]
[Round "4.6"]
[White "Bezgodov, Alexei"]
[Black "Lintchevski, Daniil"]
[Result "1/2-1/2"]
[LiveChessVersion "1.4.4"]
[BlackElo "2590"]
[WhiteElo "2488"]

1. e4 {[%clk 0:15:18]} c5 {[%clk 0:15:18]} 2. Nc3 {[%clk 0:15:27]} e6
{[%clk 0:15:25]} 3. Nf3 {[%clk 0:15:36]} Nf6 {[%clk 0:15:33]} 4. d4
{[%clk 0:15:12]} cxd4 {[%clk 0:15:41]} 5. Nxd4 {[%clk 0:15:21]} Nc6
{[%clk 0:15:49]} 6. Ndb5 {[%clk 0:15:25]} Bb4 {[%clk 0:15:57]} 7. a3
{[%clk 0:15:33]} Bxc3+ {[%clk 0:16:05]} 8. Nxc3 {[%clk 0:15:42]} d5
{[%clk 0:16:13]} 9. Bd3 {[%clk 0:15:46]} dxe4 {[%clk 0:15:16]} 10. Nxe4
{[%clk 0:15:54]} Nxe4 {[%clk 0:15:24]} 11. Bxe4 {[%clk 0:16:03]} Qxd1+
{[%clk 0:15:30]} 12. Kxd1 {[%clk 0:16:12]} e5 {[%clk 0:14:36]} 13. Re1
{[%clk 0:15:23]} f6 {[%clk 0:14:29]} 14. c3 {[%clk 0:13:48]} Be6 {[%clk 0:13:51]}
15. Kc2 {[%clk 0:13:28]} O-O-O {[%clk 0:13:35]} 16. Be3 {[%clk 0:13:14]} Bd5
{[%clk 0:13:38]} 17. Bxd5 {[%clk 0:12:44]} 1/2-1/2

[Event "Memorial Sergievskogo"]
[Site "Cheboksary"]
[Date "2016.04.11"]
[Round "4.7"]
[White "Gunina, Valentina"]
[Black "Alekseev, Evgeny"]
[Result "1-0"]
[LiveChessVersion "1.4.4"]
[BlackElo "2671"]
[WhiteElo "2444"]

1. d4 {[%clk 0:15:17]} d5 {[%clk 0:15:18]} 2. c4 {[%clk 0:15:25]} e6
{[%clk 0:15:25]} 3. Nf3 {[%clk 0:15:32]} Nf6 {[%clk 0:15:31]} 4. Nc3
{[%clk 0:15:39]} Bb4 {[%clk 0:15:33]} 5. Bg5 {[%clk 0:15:31]} Nbd7
{[%clk 0:15:31]} 6. e3 {[%clk 0:15:24]} c5 {[%clk 0:15:31]} 7. cxd5
{[%clk 0:15:26]} exd5 {[%clk 0:15:36]} 8. Bd3 {[%clk 0:15:28]} Qa5
{[%clk 0:15:35]} 9. O-O {[%clk 0:15:23]} c4 {[%clk 0:15:43]} 10. Bf5
{[%clk 0:15:22]} O-O {[%clk 0:15:48]} 11. Qc2 {[%clk 0:15:20]} Re8
{[%clk 0:15:42]} 12. Nd2 {[%clk 0:15:13]} g6 {[%clk 0:15:40]} 13. Bxd7
{[%clk 0:15:04]} Nxd7 {[%clk 0:15:46]} 14. Rae1 {[%clk 0:15:01]} Nb6
{[%clk 0:13:34]} 15. f3 {[%clk 0:14:54]} Be6 {[%clk 0:10:50]} 16. h4
{[%clk 0:14:13]} Na4 {[%clk 0:09:41]} 17. Nxa4 {[%clk 0:13:53]} Bxd2
{[%clk 0:09:44]} 18. Re2 {[%clk 0:14:01]} Bb4 {[%clk 0:09:38]} 19. e4
{[%clk 0:13:37]} Bf8 {[%clk 0:09:23]} 20. Nc3 {[%clk 0:13:32]} Bg7
{[%clk 0:07:15]} 21. Qd2 {[%clk 0:13:41]} dxe4 {[%clk 0:04:36]} 22. fxe4
{[%clk 0:13:37]} Bg4 {[%clk 0:04:41]} 23. Ref2 {[%clk 0:13:42]} f5
{[%clk 0:04:50]} 24. d5 {[%clk 0:13:15]} Qc5 {[%clk 0:02:45]} 25. d6
{[%clk 0:12:31]} Bd4 {[%clk 0:02:50]} 26. d7 {[%clk 0:12:20]} Red8
{[%clk 0:02:43]} 27. Bxd8 {[%clk 0:11:44]} Rxd8 {[%clk 0:02:52]} 28. Nd5
{[%clk 0:11:49]} Kg7 {[%clk 0:02:28]} 29. Kh1 {[%clk 0:11:25]} Bxf2
{[%clk 0:01:07]} 30. Rxf2 {[%clk 0:11:12]} Rxd7 {[%clk 0:01:16]} 31. Qc3+
{[%clk 0:11:00]} Kh6 {[%clk 0:01:25]} 32. Rf4 {[%clk 0:10:31]} Qd6
{[%clk 0:00:23]} 33. Rf1 {[%clk 0:10:02]} Qe6 {[%clk 0:00:21]} 34. Qxc4
{[%clk 0:09:30]} Qe5 {[%clk 0:00:23]} 35. Qc8 {[%clk 0:08:18]} Rf7
{[%clk 0:00:27]} 36. Qg8 {[%clk 0:06:07]} Qg7 {[%clk 0:00:36]} 37. Qe8
{[%clk 0:06:15]} Rf8 {[%clk 0:00:31]} 38. Qb5 {[%clk 0:05:24]} Qe5
{[%clk 0:00:17]} 39. Qb4 {[%clk 0:05:24]} Rf7 {[%clk 0:00:21]} 40. Ne3
{[%clk 0:05:20]} Qg3 {[%clk 0:00:18]} 41. exf5 {[%clk 0:05:17]} Qxe3
{[%clk 0:00:21]} 42. Qxg4 {[%clk 0:05:25]} Rxf5 {[%clk 0:00:15]} 43. Rxf5
{[%clk 0:04:29]} gxf5 {[%clk 0:00:24]} 44. Qb4 {[%clk 0:03:28]} Kh5
{[%clk 0:00:17]} 45. Kh2 {[%clk 0:02:15]} b6 {[%clk 0:00:20]} 46. Qc4
{[%clk 0:02:01]} Kg6 {[%clk 0:00:15]} 47. Qg8+ {[%clk 0:01:55]} Kh6
{[%clk 0:00:23]} 48. b4 {[%clk 0:01:06]} Qf4+ {[%clk 0:00:23]} 49. Kh3
{[%clk 0:01:11]} Qe3+ {[%clk 0:00:20]} 50. g3 {[%clk 0:00:52]} Qc1
{[%clk 0:00:20]} 51. Qe6+ {[%clk 0:01:00]} Kg7 {[%clk 0:00:29]} 52. Qxf5
{[%clk 0:00:20]} Qh1+ {[%clk 0:00:38]} 53. Kg4 {[%clk 0:00:29]} Qd1+
{[%clk 0:00:47]} 54. Kf4 {[%clk 0:00:29]} Qd2+ {[%clk 0:00:50]} 55. Ke5
{[%clk 0:00:34]} Qc3+ {[%clk 0:00:39]} 56. Kd5 {[%clk 0:00:29]} Qxb4
{[%clk 0:00:36]} 57. Qg5+ {[%clk 0:00:17]} Kh8 {[%clk 0:00:31]} 58. Qe5+
{[%clk 0:00:17]} Kg8 {[%clk 0:00:40]} 59. Qb8+ {[%clk 0:00:26]} Kg7
{[%clk 0:00:47]} 60. Qxa7+ {[%clk 0:00:34]} Kg6 {[%clk 0:00:55]} 61. Kc6
{[%clk 0:00:43]} Qc3+ {[%clk 0:00:43]} 62. Kb7 {[%clk 0:00:34]} Qf3+
{[%clk 0:00:42]} 63. Kxb6 {[%clk 0:00:37]} Qxg3 {[%clk 0:00:39]} 64. Qa4
{[%clk 0:00:28]} Kh5 {[%clk 0:00:42]} 65. Qc4 {[%clk 0:00:35]} Qd6+
{[%clk 0:00:47]} 66. Kb5 {[%clk 0:00:39]} Qb8+ {[%clk 0:00:54]} 67. Ka4
{[%clk 0:00:44]} Qa7+ {[%clk 0:01:01]} 68. Kb4 {[%clk 0:00:53]} Kg6
{[%clk 0:00:52]} 69. Qg4+ {[%clk 0:00:26]} Kf6 {[%clk 0:00:58]} 70. Qg5+
{[%clk 0:00:33]} Ke6 {[%clk 0:01:02]} 71. Qg8+ {[%clk 0:00:18]} Kd6
{[%clk 0:00:55]} 72. Qg3+ {[%clk 0:00:18]} Ke6 {[%clk 0:00:53]} 73. Qg4+
{[%clk 0:00:22]} Kd6 {[%clk 0:00:54]} 74. Qf4+ {[%clk 0:00:19]} Ke6
{[%clk 0:00:57]} 75. a4 {[%clk 0:00:28]} Qb6+ {[%clk 0:01:02]} 76. Ka3
{[%clk 0:00:37]} Qc5+ {[%clk 0:01:06]} 77. Kb3 {[%clk 0:00:45]} Qb6+
{[%clk 0:01:01]} 78. Kc3 {[%clk 0:00:42]} Qa5+ {[%clk 0:00:58]} 79. Kd3
{[%clk 0:00:50]} h5 {[%clk 0:00:46]} 80. Qc4+ {[%clk 0:00:50]} Ke7
{[%clk 0:00:47]} 81. Qb5 {[%clk 0:00:59]} Qa8 {[%clk 0:00:37]} 82. Qg5+
{[%clk 0:01:04]} Ke6 {[%clk 0:00:23]} 83. a5 {[%clk 0:01:13]} Qa6+
{[%clk 0:00:27]} 84. Ke3 {[%clk 0:01:07]} Qa7+ {[%clk 0:00:34]} 85. Ke2
{[%clk 0:01:12]} Qa6+ {[%clk 0:00:41]} 86. Kf2 {[%clk 0:01:21]} Qa7+
{[%clk 0:00:47]} 87. Qe3+ {[%clk 0:01:29]} Kd5 1-0

[Event "Memorial Sergievskogo"]
[Site "Cheboksary"]
[Date "2016.04.11"]
[Round "4.8"]
[White "Dreev, Aleksey"]
[Black "Girya, Olga"]
[Result "1-0"]
[LiveChessVersion "1.4.4"]
[BlackElo "2362"]
[WhiteElo "2668"]

1. d4 {[%clk 0:15:10]} d5 {[%clk 0:15:10]} 2. c4 {[%clk 0:15:10]} c6
{[%clk 0:15:10]} 3. Nf3 {[%clk 0:15:10]} Nf6 {[%clk 0:15:10]} 4. e3
{[%clk 0:15:10]} Bf5 {[%clk 0:15:10]} 5. Nc3 {[%clk 0:15:10]} e6 {[%clk 0:15:10]}
6. Nh4 {[%clk 0:15:10]} Bg6 {[%clk 0:15:10]} 7. Nxg6 {[%clk 0:15:10]} hxg6
{[%clk 0:15:10]} 8. Bd2 {[%clk 0:15:10]} Nbd7 {[%clk 0:15:00]} 9. Qc2
{[%clk 0:15:19]} Be7 {[%clk 0:14:28]} 10. O-O-O {[%clk 0:15:18]} Nb6
{[%clk 0:12:01]} 11. cxd5 {[%clk 0:15:26]} cxd5 {[%clk 0:11:22]} 12. Kb1
{[%clk 0:15:34]} Rc8 {[%clk 0:11:16]} 13. f3 {[%clk 0:15:42]} O-O
{[%clk 0:08:28]} 14. h4 {[%clk 0:15:38]} Nc4 {[%clk 0:08:34]} 15. Bxc4
{[%clk 0:15:42]} Rxc4 {[%clk 0:08:35]} 16. g4 {[%clk 0:15:17]} Bb4
{[%clk 0:07:03]} 17. Qd3 {[%clk 0:13:52]} Bxc3 {[%clk 0:07:07]} 18. Bxc3
{[%clk 0:14:00]} Qb6 {[%clk 0:06:43]} 19. Rc1 {[%clk 0:11:39]} Rfc8
{[%clk 0:06:47]} 20. Rc2 {[%clk 0:11:43]} Qa6 {[%clk 0:06:32]} 21. Rhc1
{[%clk 0:11:11]} Qc6 {[%clk 0:03:53]} 22. b3 {[%clk 0:10:56]} Qb6
{[%clk 0:03:58]} 23. Ba5 {[%clk 0:09:52]} Qb5 {[%clk 0:04:07]} 24. Bd2
{[%clk 0:09:39]} a6 {[%clk 0:03:49]} 25. Rxc4 {[%clk 0:08:55]} dxc4
{[%clk 0:03:57]} 26. Rxc4 {[%clk 0:09:03]} Rd8 {[%clk 0:04:03]} 27. Qc2
{[%clk 0:08:44]} e5 {[%clk 0:03:31]} 28. g5 {[%clk 0:07:15]} Nd7 {[%clk 0:02:56]}
29. Kb2 {[%clk 0:07:06]} Nf8 {[%clk 0:02:17]} 30. Rc5 {[%clk 0:06:50]} Qf1
{[%clk 0:02:16]} 31. Rxe5 {[%clk 0:06:30]} Qxf3 {[%clk 0:02:21]} 32. Qc7
{[%clk 0:05:08]} Rd7 {[%clk 0:01:53]} 33. Qc8 {[%clk 0:05:10]} Qe2
{[%clk 0:01:49]} 34. Kc2 {[%clk 0:05:06]} Rd6 {[%clk 0:00:43]} 35. d5
{[%clk 0:05:02]} Qb5 {[%clk 0:00:11]} 36. Re8 {[%clk 0:04:44]} 1-0

[Event "Memorial Sergievskogo"]
[Site "Cheboksary"]
[Date "2016.04.11"]
[Round "4.9"]
[White "Kobalia, Mikhail"]
[Black "Travkina, Anastasia"]
[Result "1-0"]
[LiveChessVersion "1.4.4"]
[BlackElo "2303"]
[WhiteElo "2609"]

1. e4 {[%clk 0:15:17]} c5 {[%clk 0:15:18]} 2. Nf3 {[%clk 0:15:25]} d6
{[%clk 0:15:27]} 3. Bb5+ {[%clk 0:15:32]} Nc6 {[%clk 0:15:35]} 4. O-O
{[%clk 0:15:39]} Bd7 {[%clk 0:15:44]} 5. c3 {[%clk 0:15:40]} g6 {[%clk 0:15:26]}
6. d4 {[%clk 0:15:44]} cxd4 {[%clk 0:15:12]} 7. cxd4 {[%clk 0:15:52]} Bg7
{[%clk 0:15:18]} 8. Nc3 {[%clk 0:15:45]} a6 {[%clk 0:14:49]} 9. Ba4
{[%clk 0:15:43]} Nf6 {[%clk 0:13:17]} 10. Re1 {[%clk 0:13:40]} O-O
{[%clk 0:10:44]} 11. e5 {[%clk 0:13:03]} dxe5 {[%clk 0:10:01]} 12. dxe5
{[%clk 0:13:12]} Ng4 {[%clk 0:10:00]} 13. Bf4 {[%clk 0:12:52]} Bh6
{[%clk 0:07:11]} 14. Qd2 {[%clk 0:11:34]} Bxf4 {[%clk 0:05:34]} 15. Qxf4
{[%clk 0:11:42]} Qb6 {[%clk 0:05:36]} 16. Re2 {[%clk 0:11:11]} f6
{[%clk 0:05:35]} 17. Bb3+ {[%clk 0:10:16]} 1-0

[Event "Memorial Sergievskogo"]
[Site "Cheboksary"]
[Date "2016.04.11"]
[Round "4.10"]
[White "Predke, Alexandr"]
[Black "Vasenev, Sergey"]
[Result "1-0"]
[LiveChessVersion "1.4.4"]
[BlackElo "2235"]
[WhiteElo "2594"]

1. e4 {[%clk 0:15:19]} c5 {[%clk 0:15:18]} 2. Nf3 {[%clk 0:15:26]} d6
{[%clk 0:15:28]} 3. Bb5+ {[%clk 0:15:26]} Nd7 {[%clk 0:15:35]} 4. O-O
{[%clk 0:15:30]} a6 {[%clk 0:15:44]} 5. Bd3 {[%clk 0:15:39]} Ne5 {[%clk 0:15:01]}
6. Nxe5 {[%clk 0:15:37]} dxe5 {[%clk 0:15:10]} 7. a4 {[%clk 0:15:25]} b6
{[%clk 0:13:55]} 8. Na3 {[%clk 0:15:09]} Nf6 {[%clk 0:13:58]} 9. Nc4
{[%clk 0:14:59]} Qc7 {[%clk 0:14:03]} 10. b3 {[%clk 0:14:32]} Bb7
{[%clk 0:11:58]} 11. Bb2 {[%clk 0:10:33]} Nxe4 {[%clk 0:10:47]} 12. Re1
{[%clk 0:10:36]} Nf6 {[%clk 0:10:50]} 13. Bxe5 {[%clk 0:09:38]} Qc6
{[%clk 0:10:52]} 14. Nd6+ {[%clk 0:08:14]} exd6 {[%clk 0:10:59]} 15. Bxf6+
{[%clk 0:08:22]} Kd7 {[%clk 0:11:07]} 16. Qg4+ {[%clk 0:07:30]} Kc7
{[%clk 0:11:11]} 17. Be4 {[%clk 0:06:45]} d5 {[%clk 0:11:12]} 18. Be5+
{[%clk 0:06:54]} Bd6 {[%clk 0:09:36]} 19. Bf3 {[%clk 0:06:54]} Rhg8
{[%clk 0:07:43]} 20. Qf4 {[%clk 0:06:32]} Rae8 {[%clk 0:06:22]} 21. Qxf7+
{[%clk 0:06:34]} Qd7 {[%clk 0:06:05]} 22. Bxd6+ {[%clk 0:06:23]} Kxd6
{[%clk 0:06:13]} 23. Qf4+ {[%clk 0:06:30]} Kc6 {[%clk 0:06:20]} 24. c4 1-0

[Event "Memorial Sergievskogo"]
[Site "Cheboksary"]
[Date "2016.04.12"]
[Round "5.1"]
[White "Motylev, Alexander"]
[Black "Khismatullin, Denis"]
[Result "1/2-1/2"]
[LiveChessVersion "1.4.4"]
[BlackElo "2709"]
[WhiteElo "2662"]

1. e4 {[%clk 0:15:18]} c5 {[%clk 0:14:58]} 2. Nf3 {[%clk 0:15:24]} g6
{[%clk 0:15:07]} 3. d4 {[%clk 0:15:26]} cxd4 {[%clk 0:15:15]} 4. Nxd4
{[%clk 0:15:25]} Bg7 {[%clk 0:15:23]} 5. Nc3 {[%clk 0:15:34]} Nc6
{[%clk 0:15:30]} 6. Be3 {[%clk 0:15:41]} Nf6 {[%clk 0:15:38]} 7. f3
{[%clk 0:15:43]} O-O {[%clk 0:13:56]} 8. Nxc6 {[%clk 0:14:08]} bxc6
{[%clk 0:12:44]} 9. Bc4 {[%clk 0:14:16]} d5 {[%clk 0:09:33]} 10. exd5
{[%clk 0:13:55]} Nxd5 {[%clk 0:08:02]} 11. Nxd5 {[%clk 0:13:56]} cxd5
{[%clk 0:08:11]} 12. Bxd5 {[%clk 0:11:37]} Rb8 {[%clk 0:07:38]} 13. Bb3
{[%clk 0:10:16]} Qc7 {[%clk 0:04:17]} 14. c3 {[%clk 0:09:19]} a5 {[%clk 0:04:10]}
15. O-O {[%clk 0:07:27]} 1/2-1/2